Statistics for Okresné sídla na Slovensku v rokoch 1939 až 1945

Click here to take the quiz!

General Stats

  • This quiz has been taken 3 times
  • The average score is 51 of 61

Answers on the Map

Answers color-coded by a green-red scale on the quiz's map according to % correct below.
 

Answer Stats

ŽupaPočet obyvateľovMesto% Correct
Pohronská21 934Banská Bystrica
100%
Pohronská13 219Banská Štiavnica
100%
171 322Bratislava
100%
{Bratislavská}
100%
8 798Čadca
100%
Tatranská4 270Dolný Kubín
100%
5 653Holíč
100%
Šarišsko-zemplínska7 828Humenné
100%
3 302Kysucké Nové Mesto
100%
Tatranská9 437Levoča
100%
Tatranská12 143Liptovský Svätý Mikuláš
100%
7 282Malacky
100%
Šarišsko-zemplínska3 480Medzilaborce
100%
Tatranská2 609Námestovo
100%
31 932Nitra
100%
{Nitrianska}
100%
9 726Nové Mesto nad Váhom
100%
Tatranská13 130Poprad
100%
Šarišsko-zemplínska29 864Prešov
100%
6 681Prievidza
100%
Šarišsko-zemplínska5 117Sabinov
100%
6 122Senica
100%
Tatranská14 667Spišská Nová Ves
100%
{Trenčianska}
100%
22 506Trenčín
100%
28 055Trnava
100%
Tatranská4 355Trstená
100%
Tatranská15 269Turčiansky Svätý Martin
100%
6 114Veľká Bytča
100%
30 761Žilina
100%
Pohronská15 380Zvolen
100%
4 682Bánovce nad Bebravou
67%
Šarišsko-zemplínska10 027Bardejov
67%
Pohronská6 626Brezno nad Hronom
67%
Pohronská4 829Dobšiná
67%
Tatranská3 947Gelnica
67%
Šarišsko-zemplínska1 552Giraltovce
67%
12 586Hlohovec
67%
Pohronská3 924Hnúšťa
67%
3 408Ilava
67%
Tatranská8 148Kežmarok
67%
Pohronská6 110Kremnica
67%
Pohronská5 230Krupina
67%
Šarišsko-zemplínska15 895Michalovce
67%
5 642Modra
67%
Pohronská1 564Modrý Kameň
67%
11 728Myjava
67%
Pohronská5 336Nová Baňa
67%
13 649Piešťany
67%
13 909Považská Bystrica
67%
5 017Púchov
67%
Pohronská2 118Revúca
67%
Tatranská16 378Ružomberok
67%
Tatranská1 458Spišská Stará Ves
67%
Tatranská2 565Stará Ľubovňa
67%
Šarišsko-zemplínska3 684Stropkov
67%
11 094Topoľčany
67%
Šarišsko-zemplínska8 165Trebišov
67%
Šarišsko-zemplínska6 278Vranov nad Topľou
67%
5 875Zlaté Moravce
67%
Pohronská1 336Lovinobaňa
33%

Score Distribution

Percentile by Number Answered

Percent of People with Each Score

Your Score History

You have not taken this quiz